| 000 | 01804nam a2200325 i 4500 | ||
|---|---|---|---|
| 001 | 991061720873506706 | ||
| 003 | ES-BaIT | ||
| 005 | 20260225120019.0 | ||
| 008 | 260225e202409 fr gr 000 d fre c | ||
| 020 | _a9782749816678 | ||
| 040 |
_aES-BaIT _bcat _erda _cES-BaIT |
||
| 080 | _a840-2"19" | ||
| 100 | 1 |
_aThiéry, Sébastien, _d1970- _eautor _9168180 |
|
| 245 | 1 | 0 |
_aCheck up / _cSébastien Thiéry, |
| 264 | 1 |
_aParis : _bL'avant-scène théâtre, _cseptembre 2024 |
|
| 300 |
_a107 pàgines ; _c21 cm |
||
| 336 |
_atext _btxt _2rdacontent |
||
| 337 |
_asense mediació _bn _2rdamedia |
||
| 338 |
_avolum _bnc _2rdacarrier |
||
| 490 | 1 |
_aL'Avant-Scène théâtre ; _vno 1563 |
|
| 500 | _aP5: D2, H3 | ||
| 500 | _aPublicat com no 1563 (septembre 2024) de la revista L'Avant-scène théâtre | ||
| 500 | _aEstrena Théâtre Antoine el 12 de setembre del 2024 | ||
| 520 | _a"Jean-Marc, la soixantaine rayonnante, est convoqué à l'hôpital à cause d'une erreur informatique. Il a beau être en parfaite santé, il doit sortir de ce quiproquo: analyses, questionnaires, tests en tout genre, la valse des examens est ouverte! Qu'est-ce qui a bien pu provoquer cette situation improbable? De l'agacement au désarroi, en passant par le rire et l'inquiétude: le lecteur est emporté par le tourbillon d'émotions qui assaille Jean-Marc. Maître de l'absurde, Sébastien Thiéry imagine dans Check up une intrigue diablement construite, au lent suspense et aux rebondissements saisissants. Il est l'auteur de plus de quinze pièces de théâtre, publiées à L'avant-scène, dont Vidéo club (2023)" -- Contracoberta | ||
| 650 | 0 |
_aErrors mèdics _vTextos dramàtics _9168699 |
|
| 830 |
_aAvant-scène. _pThéâtre _vno 1563 _9168170 |
||
| 908 | _aCDMAE | ||
| 940 | _aCDMAE | ||
| 942 |
_2udc _c1 |
||
| 999 |
_c137139 _d137139 |
||